SAMUEL RAMOS : LA PASION POR LA CULTURA /

Uloženo v:
Podrobná bibliografie
Hlavní autor: Arreola Cortés, Raúl (autor)
Médium: Kniha
Témata:
Tagy: Přidat tag
Žádné tagy, Buďte první, kdo vytvoří štítek k tomuto záznamu!

MARC

LEADER 00000nam^a2200000^a^4500
001 000245419
005 20250521000000.0
009 20260310105456.343
020 |a 968-7376-67-8 
035 |a 069780 
037 |a Acervo Xavier Clavigero 
082 |a 199. 72  |b ARR 
100 |a Arreola Cortés, Raúl  |e (autor) 
245 1 0 |a SAMUEL RAMOS :  |b LA PASION POR LA CULTURA /  |c RAUL ARREOLA CORTES 
264 |a MORELIA, MICH. :  |b UNIVERSIDAD MICHOACANA DE SAN NICOLAS DE HIDALGO,  |c 1997 
300 |a 300 p. 
336 |a texto  |b txt  |2 rdacontenido 
337 |a sin mediación  |b n  |2 rdamedio 
338 |a volumen  |b nc  |2 rdasoporte 
649 |a XX 
650 |a Ramos, Samuel 
650 |a Filósofos Mexicanos 
910 |a Fondo General 
920 |a Impresos - Libros 
930 |a Colección General 
905 |a 101 
901 |a 069780  |b IT1  |c ACC  |i 069780  |u 20250521 
902 |a https://opac.biblio.iteso.mx/vufind/Record/000245419